ბათუმის შოთა რუსთაველის სახელმწიფო უნივერსიტეტის ბიბლიოთეკა

ჩრდილს ნუ მომიკლავთ! : (ბიბ.ჩანაწერი № 56803)

000 -ლიდერი
ფიქსირებული სიგრძის საკონტროლო ველი 00785nam a22001937a 4500
003 - საკონტროლო ნომრის იდენტიფიკატორი
საკონტროლო ველი Ge_BSU
005 - ბოლო ოპერაციის თარიღი და დრო
საკონტროლო ველი 20190430153839.0
008 - ფიქსირებული სიგრძის მონაცემთა ელემენტები - ზოგადი ინფორმაცია
ფიქსირებული სიგრძის საკონტროლო ველი 190430b2019 ||||| |||| 00| 0 geo d
020 ## - წიგნის საერთაშორისო სტანდარტული ნომერი
International Standard Book Number 9789941809422
041 ## - ენის კოდი
Language code of text/sound track or separate title geo
080 ## - უნივერსალური ათობითი კლასიფიკაციის ინდექსი
Universal Decimal Classification number 821.353.1-31 კ-87
100 ## - მთავარი ჩანაწერი - პიროვნების სახელი
Personal name კუდბა ,ანზორ
9 (RLIN) 548
245 ## - ცნობა სათაურის შესახებ
Title ჩრდილს ნუ მომიკლავთ! :
Remainder of title რომანი /
Statement of responsibility, etc ანზორ კუდბა ; რედ : გენრიეტა ქუთათელაძე
264 ## - წარმოების, გამოცემის, დისტრიბუციის და სხვა ცნობები
გამოცემის, წარმოების, დისტრიბუციის... ადგილი თბილისი :
გამოცემის, წარმოების, დისტრიბუციის... სახელწოდება ივერიონი,
გამოცემის, წარმოების, დისტრიბუციის... თარიღი 2019.
300 ## - ფიზიკური აღწერა
Extent 576 გვ . ;
Dimensions 21 სმ.
653 ## - INDEX TERM--UNCONTROLLED
Uncontrolled term რომანი
700 ## - ADDED ENTRY--PERSONAL NAME
Personal name ქუთათელაძე , გენრიეტა
Relator term რედაქტორი
9 (RLIN) 549
942 ## - ADDED ENTRY ELEMENTS (KOHA)
Source of classification or shelving scheme
Koha item type წიგნი
ეგზემპლარები
ჩამოწერის სტატუსი დაკარგული ეგზემპლარის სტატუსი კლასიფიკაციის წყარო ან თაროზე გაწყობის სქემა დაზიანების სტატუსი არ გაიცემა მუდმივი მდებარეობა (დაცვის ადგილი) ამჟამინდელი ადგილსამყოფელი თაროზე განთავსების ადგილი შეძენის თარიღი ღირებულება, შესყიდვის ნორმალური ფასი გაცემათა რაოდენობა სრული შენახვის შიფრი შტრიხკოდი ბოლო ოპერაციის თარიღი გაცემის თარიღი ეგზემპლარის მიმდევრობითი ნომერი (კეტერი?) Cost, replacement price ფასის ძალაში შესვლის თარიღი ეგზემპლარის სახეობა
          ბათუმის შოთა რუსთაველის სახელმწიფო უნივერსიტეტის მთავარი ბიბლიოთეკა ბათუმის შოთა რუსთაველის სახელმწიფო უნივერსიტეტის მთავარი ბიბლიოთეკა წიგნსაცავი 2019-04-30 8.00 1 821.353.1-31 კ-87 59634 2020-02-06 2019-05-01 59634 8.00 2019-04-30 წიგნი